000 00802nam a2200205Ia 4500
008 0000001993 usa 0000000000eng00
090 _aPTU00 B37a
100 1 _aBitran, Albert
_d1929
245 1 0 _aAlbert Bitran
_b: classical abstractions
_c/ photograph by Edouard Boubat
300 _a[32] p.
_c/ 23 cm.
500 _aExposición realizada en Los Angeles International, Beverly Hills, Marzo 9 Abril 17, 1993 \ Con el patronazgo del maestro venezolano Jesús Rafael Soto (q.e.p.d.)
600 0 0 _aBITRAN, ALBERT, 1929/
_xTRABAJOS PICTORICOS
650 1 4 _aARTE CONTEMPORANEO TURCO
650 1 4 _xCATALOGOS
650 1 4 _xEXPOSICIONES
650 1 4 _aPINTORES TURCOS
650 1 4 _aPINTURA TURCA
700 1 _aBoubat, Edouard
999 _c2085
_d2085
260 _aBeverly Hills : Transart Corporation
_c1993